000 00941nam1a2200325 i 4500
001 RU\NLR\bibl\180024
005 20260406131905.0
035 _a(NLR Aleph) 000176703
090 _a1019462
_c1019462
100 _a20010830d2000 u y0rusy50 ca
101 1 _arus
102 _aRU
105 _a||||z |||||
200 1 _aВигьян Бхайрав Тантра
_e[Пер.]
_fОшо
210 _aМ.
_cНирвана
_d2000
215 _d22
463 0 _1001171885
463 0 _1001175676
463 0 _1001182864
463 0 _1001197545
606 _aМедитация
_91261607
_3RU\NLR\auth\66200516
606 _aТантризм
_91194341
_3RU\NLR\auth\66164658
686 _aЮ969.1
686 _aЮ3(5Ид)6-678
700 0 _4070
_8rus
_7ca
_aОшо
_f1931-1990
_3RU\NLR\AUTH\771622
_9111642
801 0 _aRU
_bNLR
_c20010830
_gPSBO
801 1 _aRU
_bNLR
_c20010830
852 _aNLR
_j2001-5/2001
942 _cBOOK